000 00721nam a2200265Ia 4500
001 Para_7141
003 CHAP
008 220125s1947 xx 000 0 und d
010 _a206027
040 _cCHAP
082 _aPA 634.6 D34
100 _aDahlgren, B. E.
_930898
245 _aTropical and subtropical fruits /
_c by B.E. Dahlgren
260 _aChicago, ILL. :
_b Chicago Natural History Museum
300 _a72 p.
440 _aPopular series botany; 26
_9172164
650 _aFruticultura
_x tropicos
_943755
901 _aPA 634.6 D34
902 _aA
905 _a0000001947 0000000000 00
910 _a1947
942 _cPARA
942 _cPARA
_d1
999 _c206027
_d206027